000 00546nam a2200181Ia 4500
008 090201s9999 xx 000 0 und d
010 _aKPL-68557
040 _bमराठी
041 _aमराठी
082 _a47060
_b68557
100 _aएस्. एम्. जोशी
245 _aमी एस.एम.
_cएस्. एम्. जोशी
250 _a2
260 _c1989
_bकॉन्टीनेंटल प्रकाशन
300 _a448
_bमध्यम
600 _aमी एस.एम.
942 _cBOOK
999 _c243793
_d243793